Statistics for Finneas - Break My Heart Again Lyrics

Click here to take the quiz!

General Stats

  • This quiz has been taken 181 times
  • The average score is 216 of 244

Answer Stats

Lyric% Correct
a
100%
break
100%
again
99%
heart
99%
I
99%
Go
98%
go
98%
me
98%
my
98%
so
98%
So
98%
You
98%
you
98%
and
96%
the
96%
be
95%
let
95%
who
95%
ahead
94%
Are
94%
in
94%
it
94%
It
94%
of
94%
why
94%
I'm
93%
or
93%
Or
93%
twice
93%
ever
92%
hell
92%
Leave
92%
wondering
92%
am
91%
Do
91%
do
91%
love
91%
someone
91%
Hey
90%
must
90%
nice
90%
on
90%
to
90%
just
89%
them
89%
definition
88%
insanity
87%
fine
86%
later
86%
now
86%
that
86%
That
86%
Can
85%
leaving
85%
lets
85%
Oh
85%
your
85%
if
84%
this
84%
time
84%
evening
83%
good
83%
need
83%
come
82%
around
81%
morning
81%
space
81%
would
80%
You're
80%
you're
80%
has
79%
can't
78%
I've
78%
mind
78%
that's
78%
busy
77%
changed
77%
course
77%
think
77%
Yes
77%
else
76%
ignore
76%
say
76%
when
76%
blue
75%
not
75%
blind
74%
help
74%
it's
73%
still
73%
sure
73%
tell
73%
gone
72%
one
72%
were
72%
Don't
70%
know
70%
breathing
69%
truth
69%
meaning
68%
decade
67%
sad
67%
same
67%
deeper
66%
born
65%
but
65%
eyes
65%
find
65%
goodbye
65%
half
65%
instigator
65%
perfume
65%
those
65%
Won't
65%
Kissed
64%
pretend
62%

Score Distribution

Percentile by Number Answered

Percent of People with Each Score

Your Score History

You have not taken this quiz